Responses for Show #1547 - Tuesday, April 30, 1991

Game entered from audiorecording.

Contestants

[<< previous game]

Bill Dingfelder, an art museum fundraiser from Philadelphia, Pennsylvania

Christine Baker, a legal secretary from Brooklyn, New York

Kay Kipling, a journalist from Bradenton, Florida (whose 1-day cash winnings total $13,500)

[next game >>]

Jeopardy! Round responses

ANIMALS
MOVIE TRIVIA
ROYALTY
COMIC BOOKS
DESIGN
APPROXIMATE WEIGHTS & MEASURES
    $100 7
(Christine: What are, um teeth?)

horns

ChristineBill
    $100 1
The Graduate

Kay
    $100 6
China

Bill
    $100 20
(Alex: She accepted, too.)

Lois Lane

Kay
    $100 26
egg & ham

Bill
    $100 10
group

Kay
    $200 8
(Christine: What is Africa?)

Asia

ChristineBill
    $200 2
Douglas Fairbanks

Kay
    $200 11
Charlie

Bill
    $200 22
the Archie Comics

Kay
    $200 27
a tapestry

Christine
    $200 12
a heap

Kay
    $300 16
counting its rattles

Bill
    $300 3
(Christine: What is The Illustrated Man?)

Fahrenheit 451

KayChristine
    $300 13
Cleopatra

Kay
    $300 23
The Avengers

Christine
    $300 28
(Christine: What is blue?)
...
(Alex: Basalt is usually [*].)

black

Christine
Triple Stumper
    $300 15
a bunch

Bill
    $400 9
her young (or her eggs)

Christine
    $400 4
(Bill: Who is Godzilla?)

the creature from The Black Lagoon

KayBill
    $400 14
Italy

Bill
    $500 24
(Alex: We have a minute to go in the round.)

Lost in Space

Christine
    $400 29
(Bill: What is a lute?)
(Christine: What's a balalaika?)
...
[The end-of-round signal sounds.]

lyre

KayChristineBill
    $400 18
Titanic

Bill
    $500 17
rodent

Bill
    $500 5
[Applause for Kay running the category.]

Come Back, Little Sheba

Kay
    $500 21
(Christine: What is the Netherlands?)

Belgium

ChristineBill
    $500 25
Batman

Christine
    $500 19
a bevy

Triple Stumper

Scores at the first commercial break (after clue 15):

Kay Christine Bill
$2,100 -$200 $900

Scores at the end of the Jeopardy! Round:

Kay Christine Bill
$2,800 $100 $2,300

Double Jeopardy! Round responses

NOVELS
19th CENTURY AMERICA
COMPOSERS
WORLD GEOGRAPHY
QUOTES
MEDICAL HISTORY
    $200 8
The Treasure Of The Sierra Madre

Kay
    $200 22
(Christine: What is Houston?)
...
(Alex: A minute to go.)

(Stephen) Austin

KayChristine
    $200 17
Mozart

Bill
    $200 7
South Africa

Kay
    $200 6
hammer

Bill
    $200 1
gloves

Bill
    $400 9
Zenda

Kay
    $400 23
(Kay: What is Colorado?)
(Bill: What is California?)

Nevada

KayBill
Triple Stumper
    $400 20
Bernstein

Christine
    $400 13
Karl Marx

Christine
    $400 2
Freud

Bill
    $600 10
Dracula

Kay
    $600 24
firing the first shot on Fort Sumter

Triple Stumper
    $600 21
Meyerbeer

Kay
    $600 14
tell you

Kay
    $600 3
muscles

Christine
    $1,500 11
The Thirty-Nine Steps

Kay
    $800 25
(Kay: Who is Benjamin Hayes?)
...
(Alex: You had the right first name but the wrong last name. Who was [*]?)

Benjamin Harrison

Kay
Triple Stumper
    $800 18
Venice

Bill
    $800 15
life

Bill
    $800 4
dyslexia

Christine
    $1000 12
(Kay: What is The Old Curiosity Shop?)
...
(Alex: You were in the right story, The Old Curiosity Shop, but it was [*].)

Little Nell

Kay
Triple Stumper
    $1000 26
(Bill: What is the International Workers of the World?)
...
[The end-of-round signal sounds.]

the Knights of Labor

Bill
Triple Stumper
    $1000 19
(Bill: What is Madame Butterfly?)

Turandot

ChristineBill
    $1000 16
(Bill: What is his wonders to behold?)
...
(Alex: William Cowper's line.)

his wonders to perform

KayBill
    $1,300 5
(Christine: What is, oh, I went blank.)
(Alex: Say something.)
(Christine: What is atherosclerosis... I can't even talk.)
(Alex: No. What is [*]? I hope you were thinking of the balloon & just weren't able to come up with a name.)
(Christine: My mind went blank.)

angioplasty

Christine

Scores at the end of the Double Jeopardy! Round:

Kay Christine Bill
$5,900 $1,800 $1,500
(lock game)

[wagering suggestions for these scores]

Final Jeopardy! Round responses

THE WHITE HOUSE
(Alex: However, he did get to make some changes later on when he became President.)
BillWho is Jefferson
$1,500
ChristineWho is T. Jefferson?
$1,800
KayWho was Jefferson?
$2,100
Thomas Jefferson

Final scores:

Kay Christine Bill
$8,000 $3,600 $3,000
2-day champion: $21,500 2nd place: Broyhill bedroom set & Select Comfort matress 3rd place: Yamaha keyboard

Game dynamics:

Coryat scores:

Kay Christine Bill
$5,200 $3,000 $1,500
20 R
(including 1 DD),
3 W
10 R
(including 1 DD),
8 W
(including 1 DD)
17 R,
6 W

Combined Coryat: $9,700

[game clues] [game scores] [suggest correction]

Game tape date: 1991-02-19
The J! Archive is created by fans, for fans. Scraping, republication, monetization, and malicious use prohibited; this site may use cookies and collect identifying information. See terms. The Jeopardy! game show and all elements thereof, including but not limited to copyright and trademark thereto, are the property of Jeopardy Productions, Inc. and are protected under law. This website is not affiliated with, sponsored by, or operated by Jeopardy Productions, Inc. Join the discussion at JBoard.tv.